| 000 | 01061 a2200217 4500 | ||
|---|---|---|---|
| 003 | Nust | ||
| 005 | 20230828095024.0 | ||
| 010 | _a 2003041891 | ||
| 020 | _c158053502X (alk. paper) | ||
| 040 | _cNust | ||
| 082 | 0 | 0 | _a621.3812,ROG |
| 100 | 1 |
_aRogers, John _996928 |
|
| 245 | 1 | 0 |
_aRadio frequency integrated circuit design / _cJohn Rogers, Calvin Plett. |
| 260 |
_aBoston : _bArtech House, _cc2003. |
||
| 300 |
_axx, 410 p. : _bill. ; _c24 cm. |
||
| 440 | 0 |
_aArtech House microwave library _928737 |
|
| 505 | _aIntroduction to Communications Circuits (Page-1), Issues in RFIC Design Noise Linearity and filtering (Page-9), A Brief Review of Technology (Page-43), Impedance Matching (Page-63),The Use and Design of Passive Circuit (Page-95), LNA Design (Page-141), Mixers (Page-197), Match (Page-229),Voltage Controlled Oscillators (Page-245), High Frequency Filter Circuits (Page-319),Power Amplifiers (Page-349), About the Authors (Page-401). | ||
| 650 | 0 | _aTelecommunication Engineering. | |
| 700 | 1 |
_aPlett, Calvin. _989599 |
|
| 942 |
_cREF _2ddc |
||
| 999 |
_c175542 _d175542 |
||